000
00351nam a2200145Ia 4500
008
090124s9999 xx 000 0 und d
082
_b
304010
245
_a
मुखवटे
250
_a
1
260
_b
केळकर राजा
_c
1999
300
_a
245
630
_a
मुखवटे
730
_a
मुखवटे
942
_c
BOOK
999
_c
193647
_d
193647